Statistiques concernant Film dont le titre commence par un R (2) Version facile

Cliquez ici pour prendre le quiz!

Statistiques générales

  • Ce quiz a été pris 7 fois
  • Le résultat moyen est 7 sur 30

Statistiques - réponses

AnnéeRéalisateurGenre1 acteur ou
1 actrice
TitreIndice facile% Correct
1992Quentin TarantinoPolicierHarvey KeitelReservoir dogs*
100%
2016Eric LavaineComédieJosiane BalaskoRetour chez ma mèrechez
86%
1991Kevin ReynoldsAventuresKevin CostnerRobin des Bois prince des voleursprince
71%
1996Baz LuhrmannDrameLeonardo DiCaprioRoméo + Juliette+
71%
1993Jacques AudiardComédie dramatiqueMathieu KassovitzRegarde les hommes tomberhommes
57%
1959Howard HawksWesternJohn WayneRio Bravo*
57%
1940Alfred HitchcockDrame psychologiqueJoan FontaineRebecca*
43%
2003Anthony MighellaDrameJude LawRetour à Cold MountainRetour
43%
1954Otto PremingerWesternMarilyn MonroeRivière sans retoursans
43%
1996Patrice LeconteComédieJean RochefortRidicule*
29%
1995Agniezka HollandComédie dramatiqueLeonardo DiCaprioRimbaud Verlaine*
29%
1950John FordWesternJohn WayneRio Grande*
29%
1998Brett RatnerActionJackie ChanRush hour*
29%
1981Milos FormanDrameJames CagneyRagtime*
14%
1955Henri DecoinPolicierJean GabinRazzia sur la chnoufsur
14%
2023Nimrod AntalThrillerLiam NeesonRetribution*
14%
1970Howard HawksWesternJohn WayneRio Lobo*
14%
1991Francis AllegretThrillerIsabelle BenkemounRaisons d'EtatEtat
0%
1950Akira KurosawaDrame psychologiqueKichijiro UedaRashomon*
0%
1993Jon TurteltaubComédieJohn CandyRasta Rockett*
0%
2006Tony CurranDrameKate DickieRed road*
0%
2020Natalie Erika JamesHorreurJeremy StanfordRelic*
0%
1938Sacha GuitryComédieJacqueline DelubacRemontons les Champs Elyséesles
0%
1939Jean GremillonComédie dramatiqueJean GabinRemorques*
0%
2007Joe WrightDrameJames McAvoyReviens moi*
0%
2016Vincent KestelootAventuresKyle HebertRobinson Crusoé*
0%
2014José PadilhaActionJoël KinnamanRobocop*
0%
1997Stuart GillardComédieHarland WilliamsRocketman*
0%
1962Sergio CorbucciPeplumMassimo GirottiRomulus et Remuset
0%
1937William WylerDrameHumphrey BogartRue sans issuesans
0%

Distribution des résultats

Percentile par nombre de réponses

% des personnes avec chaque résultat

Votre développement - résultats

Vous n’avez pas pris ce quiz